| 000 | 00387nam a2200121Ia 4500 | ||
|---|---|---|---|
| 008 | 160609s9999 xx 000 0 und d | ||
| 100 | _aShek, Daniel T. L. | ||
| 245 | _aChinese Adolescents In Hong Kong(Quality of Life in Asia) | ||
| 245 | _cBy:Daniel T. L. Shek | ||
| 260 | _c2014 | ||
| 650 | _xCHILD & ADOLESCENT DEVELOPMENT | ||
| 856 | _uhttp://file.ebook777.com/014/9789812871428.pdf | ||
| 999 |
_c295843 _d295843 |
||